000 00459 a2200121 4500
001 ART_45083
005 20260410162038.0
008 260409a
245 1 0 _aEstudio de la logística en el eslabón final de la cadena de valor agroindustrial en la provincia de San Luis
100 1 _aNúñez, Sonia C.
700 1 _aPossetto, Mirta L.
773 0 _tRevista de estudios regionales y mercado de trabajo
_g- Nº 5 (ene./dic. 2009)
_wREV44894
999 _c34653
_d34653